Pod Melechovem polka /

Hlavní autor: Pecha, Antonín, 1959-
Další autoři: Beneš, Zdeněk, 1959-, Šprongl, Jaroslav, 1945-2022
Jazyk: Čeština
Vydáno: Praha : Kubešovo hudební vydavatelství, c1994
Témata:
Fyzický popis: 1 řídící hlas + 17 hlasů ; 15 x 21 cm
Hudebniny Hudebniny
Uloženo v:
LEADER 01437ncm a2200409 a 4500
001 000720926
003 CZ BrMZK
005 20111101142057.0
007 q
008 040610s1994 xr dfaae X cze
024 2 |a M 660550076 
024 2 |a M 660552889 
028 0 1 |a 30-0031  |b Kubešovo hudební vydavatelství 
040 |a BOA001  |b cze 
047 |a df 
047 |a wz 
048 |a of  |b vu 
072 7 |a 788  |x Hudba pro dechové nástroje  |2 Konspekt  |9 9 
080 |a 78.085.2  |2 MRF 
080 |a 78.087  |2 MRF 
080 |a 788  |2 MRF 
080 |a 785.12  |2 MRF 
100 1 |a Pecha, Antonín,  |d 1959-  |7 mzk2005290039  |4 cmp 
245 1 0 |a Pod Melechovem  |h [hudebnina] :  |b polka /  |c hudba Antonín Pecha, text Zdeněk Beneš 
260 |a Praha :  |b Kubešovo hudební vydavatelství,  |c c1994 
300 |a 1 řídící hlas + 17 hlasů ;  |c 15 x 21 cm 
505 0 |a Stráně nad Vltavou : valčík / hudba Antonín Pecha, text Jaroslav Šprongl 
650 0 4 |a valčíky (zpěv, dechová hudba) 
650 0 7 |a dechová hudba  |7 ph119353  |2 czenas 
650 0 4 |a polky (zpěv, dechová hudba) 
655 7 |a hlasy  |7 fd186703  |2 czenas 
700 1 |a Beneš, Zdeněk,  |d 1959-  |7 mzk2011667989  |4 lyr 
700 1 |a Šprongl, Jaroslav,  |d 1945-2022  |7 jk01130945  |4 lyr 
740 0 2 |a Stráně nad Vltavou 
910 |a BOA001  |b Mus2-1134.855 
990 |a MU 
996 6 |b 2610220124  |c Mus2-1134.855  |l MZK  |r Sklad / do 1 hodiny  |n 0  |w 000720926  |u 000010  |a 1  |e BOA001  |j MZK50  |s P